000 00600nam a2200193Ia 4500
999 _c32461
_d32461
003 OSt
005 20200727111214.0
008 190216s9999||||xx |||||||||||||| ||und||
020 _a9780070605022
040 _coclc
082 _a512.5
_bLIP/T
100 _aLipschutz, Seymour
_93751
245 0 _aTheory And Problems Of Linear Algebra /
_cSeymour Lipschutz ; Mare Lars Lipson
250 _a3rd Ed.
260 _bTata Mcgraw-Hill Education Private Limited,
_c2012.
_aNew Delhi:
300 _a424p
650 _aMathematics
942 _cBK
_2ddc
_h512.5
_iLIP/T
_k512.5
_mLIP/T